000 00978nam0a2200289 4500
001 RU\NLR\BIBL_A\012294260
005 20250624011431.0
035 _a(NLR Aleph) 012294260
090 _a13300620
_c13300620
100 _a20200716d1981 |||y0rusy50 ca
101 0 _aaze
102 _aAZ
105 _ac z 000 y
181 0 _ai
_baxxe
182 0 _an
200 1 _aАнам-Атам
_e(ше'рләр)
_fРамиз Мөвсүм
203 _aТекст
_bвизуальный
_cнепосредственный
210 _aБакы
_cJазычы
_d1981
215 _a100,[2] c.
_cпортр.
_d14
300 _aВ вып. дан. авт.: Рамиз Мовсум (Алиев Рамиз Мовсум оглы)
541 1 _6z01790
_aМать моя, отец мой
_eстихи
700 1 _aМөвсүм
_bР.
_gРамиз
_4070
790 1 _6z1541
_aМовсум
_bР.
_gРамиз
_4070
852 _aNLR
_bОНЛ
_jАзерб./1-2451
942 _cBOOK
980 _aNB